Modulos de formación en competencias para la gestión escolar en contexto de pobreza (Record no. 10963)

MARC details
000 -LEADER
campo de control de longitud fija 00374nam a2200133Ia 4500
001 - NÚMERO DE CONTROL
campo de control 1280
008 - DATOS DE LONGITUD FIJA--INFORMACIÓN GENERAL
campo de control de longitud fija 241024s9999 xx 000 0 und d
082 ## - NÚMERO DE LA CLASIFICACIÓN DECIMAL DEWEY
Número de clasificación 371.1/J12m
100 ## - ENTRADA PRINCIPAL--NOMBRE DE PERSONA
Nombre de persona Jabif, Liliana
245 #0 - MENCIÓN DEL TÍTULO
Título Modulos de formación en competencias para la gestión escolar en contexto de pobreza
260 ## - PUBLICACIÓN, DISTRIBUCIÓN, ETC.
Nombre del editor, distribuidor, etc. UNESCO
Fecha de publicación, distribución, etc. 2004
901 ## - ELEMENTOS DE DATOS A LOCAL LDA (RLIN)
a 11/3/2011 9:01:25 a.m.

No items available.

© 2024. Todos los Derechos Reservados. Desarrollado por IDEICE